Fantasías - Rauw Alejandro, Farruko - Estadísticas

Estadísticas generales
  • Esta prueba ha sido intentada 37 veces
  • La puntuación promedio es 246 de 328
Estadísticas de respuestas
Letra % Correcto
A
96%
a
96%
ca
96%
¿Cómo
96%
cómo
96%
con
96%
contigo?
96%
fantasías
96%
96%
mi
96%
pa
96%
pa'
96%
¿Qué
96%
¿qué
96%
que
96%
Que
96%
si
96%
Si
96%
te
96%
Te
96%
96%
96%
tu
96%
y
96%
Y
96%
al
91%
calentar
91%
comienzas
91%
dices
91%
digo
91%
hacer
91%
la
91%
le
91%
me
91%
mis
91%
no
91%
nos
91%
oído
91%
quiero
91%
vamos
91%
gustamos
87%
lo
87%
negar
87%
nosotros
87%
pueden
87%
puedo
87%
solas
87%
tenerte
87%
dos
83%
harás
83%
haras
83%
las
83%
los
83%
Por
83%
de
78%
en
78%
En
78%
miradas
78%
Ra
78%
78%
se
78%
yo
78%
Yo
78%
convencerte?
74%
esperamos?
74%
química
74%
baby
70%
cama
70%
el
70%
simpática
70%
tan
70%
toda
70%
Todavía
70%
tuvimos
70%
vi
70%
llama
65%
mía
65%
noche
65%
para
65%
ser
65%
tus
65%
Desde
61%
eres
61%
exótica
61%
habitación
61%
ibas
61%
jalé
61%
mente
61%
Pero
61%
Porque
61%
proceso
61%
quería
61%
rápido
61%
tampoco
61%
tanto
61%
terminamos
61%
besos
57%
casa
57%
contra
57%
decía
57%
fumamos
57%
miraba
57%
mujer
57%
sabía
57%
traje
57%
ver
57%
algo
52%
brava
52%
calentándote
52%
Dame
52%
duro
52%
hechos
52%
hubo
52%
pared
52%
pasan
52%
Rauw
52%
son
52%
subir
52%
Bailamos
48%
cosas
48%
dándote
48%
dar
48%
gozamos
48%
voy
48%
calentándome
43%
Farru
43%
Susurrado
43%
Todas
43%
eso
39%
Sigue
39%
sigue
39%
bailándome
35%
eh
35%
Farruko
35%
Alejandro
30%
llegue
30%
Dimelo
26%
cucándome
22%
bebemos
17%
Duars
17%
Ey
17%
Miami
13%
Carbon
9%
Entertainment
9%
Evo
9%
Fiber
9%
Frank
9%
Jedis
9%
Music
9%
Rome
9%
Senseis
9%
Uoh
9%
Urba
9%
Sharow
4%
Waldo
4%
No se encontraron pruebas coincidentes
Distribución de puntuación
Porcentaje de gente con cada puntuación
Porcentaje por número respondido
Historial de tus puntuaciones
No has intentado esta prueba.